Nezaměstnanost a věková segmentace trhu práce

Nové empirické poznatky o stupni vekovej segmentácie trhu práce v troch ekonomikách strednej Európy počas Veľkej recesie.

Salvato in:
Dettagli Bibliografici
Autore principale: Flek, Vladislav
Altri autori: Hála, Martin, Mysíková, Martina
Natura: Capitolo di libro
Lingua:ceco
Soggetti:
Tags: Aggiungi Tag
Nessun Tag, puoi essere il primo ad aggiungerne!!

MARC

LEADER 00000naa a2200000 4500
001 0250233
005 20221104112121.1
041 0 |a cze 
044 |a CZ 
245 1 0 |a Nezaměstnanost a věková segmentace trhu práce  |c Vladislav Flek, Hála Martin, Martina Mysíková 
520 |a Nové empirické poznatky o stupni vekovej segmentácie trhu práce v troch ekonomikách strednej Európy počas Veľkej recesie. 
610 2 0 |a stredná Európa 
610 2 0 |a trh práce 
610 2 0 |a recesia 
610 2 0 |a nezamestnanosť 
610 2 0 |a zamestnávatelia 
610 2 0 |a segmentácia trhu 
100 1 |a Flek, Vladislav 
700 1 |a Hála, Martin 
700 1 |a Mysíková, Martina